[Event "Poronin op"]
[Site "Poronin"]
[Date "2023.01.10"]
[Round "5"]
[White "Adamek, Stanislaw"]
[Black "Pyzik, Karol"]
[Result "0-1"]
[WhiteElo "1210"]
[BlackElo "1073"]
[PlyCount "158"]
[EventDate "2023.01.06"]
[EventType "swiss"]
[EventRounds "9"]
[EventCountry "POL"]
[SourceTitle "CBM 212 Extra"]
[Source "ChessBase"]
[SourceDate "2023.03.31"]
[SourceVersion "1"]
[SourceVersionDate "2023.03.31"]
[SourceQuality "1"]

1. d4 d5 2. Nc3 Nf6 3. Nf3 Bf5 4. g3 e6 5. a3 Bd6 6. Bg2 0-0 7. 0-0 h6 8. e3 Nbd7 9. Re1 c5 10. Nh4 Bh7 11. Re2 a6 12. Nf3 c4 13. Nd2 Qc7 14. Nf3 Rac8 15. Bd2 Be4 16. Ne1 Bxg2 17. Kxg2 Rfe8 18. Nf3 Kh8 19. Re1 Rg8 20. Qc1 Bf8 21. Nh4 Be7 22. Nf3 Nf8 23. Ne5 Bd6 24. Nf3 Be7 25. Ne5 Bd6 26. Nf3 Be7 27. h3 Bd6 28. Rb1 Be7 29. Nh2 Qd6 30. Nf3 N8d7 31. Re2 Qc7 32. Qe1 Nh7 33. Na2 Ng5 34. Qc1 Nxf3 35. Kxf3 Bf8 36. Nc3 Nf6 37. Kg2 Bd6 38. Qf1 Nh5 39. Be1 Rge8 40. e4 dxe4 41. Nxe4 Qc6 42. f3 Bb8 43. c3 Qc7 44. Qf2 Kg8 45. Rd1 Red8 46. Red2 b6 47. Kh2 f5 48. Re2 fxe4 49. Rxe4 Re8 50. Kg2 Nf6 51. Re5 Rcd8 52. Rd2 Qf7 53. Rde2 Bxe5 54. dxe5 Nd5 55. Re4 b5 56. Qe2 Qc7 57. Bf2 Qf7 58. Rd4 Ne7 59. Qd2 Rxd4 60. cxd4 Rd8 61. Qd1 Nc6 62. Qd2 Qd7 63. Qc3 Nxd4 64. g4 Kf7 65. Kg3 Qd5 66. Qe3 Ke7 67. h4 Nc6 68. Be1 Qxe5+ 69. Qxe5 Nxe5 70. Bc3 Kf6 71. f4 Rd3+ 72. Kf2 Rxc3 73. fxe5+ Kxe5 74. bxc3 Kf4 75. g5 hxg5 76. h5 g4 77. Kg2 e5 78. Kf2 g3+ 79. Kg2 e4 0-1

[Event "Krakow Malopolski Cup"]
[Site "Krakow"]
[Date "2022.08.05"]
[Round "4"]
[White "Adamek, Stanislaw"]
[Black "Biel, Maciej"]
[Result "0-1"]
[WhiteElo "1237"]
[BlackElo "1438"]
[PlyCount "48"]
[EventDate "2022.08.04"]
[EventType "swiss"]
[EventRounds "9"]
[EventCountry "POL"]
[SourceTitle "CBM 209 Extra"]
[Source "ChessBase"]
[SourceDate "2022.09.30"]
[SourceVersion "1"]
[SourceVersionDate "2022.09.30"]
[SourceQuality "1"]

1. e4 d5 2. Nc3 dxe4 3. Nxe4 Nc6 4. Bc4 Bf5 5. Ng5 e6 6. d3 h6 7. N5f3 Nf6 8. h3 Bc5 9. Ne2 0-0 10. a3 a6 11. Bd2 e5 12. Nh4 Bh7 13. 0-0 e4 14. dxe4 Nxe4 15. Nf3 Nd6 16. Bb3 Be4 17. Nh2 Qf6 18. Ng3 Rad8 19. Qc1 Nd4 20. Ng4 Qg6 21. c3 Nxb3 22. Qe1 Nxa1 23. Qxa1 h5 24. Nh2 Qxg3 0-1